|
|
|
|
| LEADER |
00000nam0a2200000 4500 |
| 001 |
107483 |
| 005 |
20231101214732.0 |
| 035 |
|
|
|a (RuTPU)RU\TPU\book\116042
|
| 090 |
|
|
|a 107483
|
| 100 |
|
|
|a 20061225d1968 m y0rusy50 ca
|
| 101 |
0 |
|
|a rus
|
| 102 |
|
|
|a RU
|
| 105 |
|
|
|a a j 000zy
|
| 200 |
1 |
|
|a Технология металлов и других конструкционных материалов
|e учебник
|f В. В. Архипов [и др.]
|
| 205 |
|
|
|a 3-е изд., перераб. и испр.
|
| 210 |
|
|
|a Москва
|c Высшая школа
|d 1968
|
| 215 |
|
|
|a 520 с.
|c ил.
|
| 606 |
|
|
|a Технология металлов
|2 stltpush
|3 (RuTPU)RU\TPU\subj\60152
|9 77641
|
| 610 |
1 |
|
|a технология
|
| 610 |
1 |
|
|a конструкционные материалы
|
| 610 |
1 |
|
|a черные металлы
|
| 610 |
1 |
|
|a цветные металлы
|
| 610 |
1 |
|
|a литейное производство
|
| 610 |
1 |
|
|a обработка
|
| 610 |
1 |
|
|a сварка
|
| 610 |
1 |
|
|a пайка
|
| 610 |
1 |
|
|a неметаллические конструкционные материалы
|
| 610 |
1 |
|
|a учебники
|
| 675 |
|
|
|a 621.7/.9(075.8)
|v 3
|
| 701 |
|
1 |
|a Архипов
|b В. В.
|g Владимир Васильевич
|
| 701 |
|
1 |
|a Абиндер
|b А. А.
|
| 701 |
|
1 |
|a Касенков
|b М. А.
|
| 701 |
|
1 |
|a Ларин
|b М. Н.
|
| 701 |
|
1 |
|a Межуев
|b Б. Н.
|
| 701 |
|
1 |
|a Шевченко
|b Г. Д.
|
| 701 |
|
1 |
|a Шухов
|b Ю. В.
|
| 801 |
|
1 |
|a RU
|b 63413507
|c 20061225
|g PSBO
|
| 801 |
|
2 |
|a RU
|b 63413507
|c 20221026
|g PSBO
|
| 942 |
|
|
|c BK
|